| 000 | 00393cam a2200169ua 4500 | ||
|---|---|---|---|
| 020 | _c1.00 | ||
| 041 |
_amal _h |
||
| 082 |
_a894.8121 _bVVK/MI |
||
| 100 | _aV V K, Valath . | ||
| 245 |
_aMisraveechi / _cV V K Valath. _hTextual Documents |
||
| 260 |
_aKozhikode : _bK R Brothers , _c1954. |
||
| 300 | _a62 ; . | ||
| 365 | _a1.00 | ||
| 504 | _a | ||
| 942 | _cBK | ||
| 999 |
_c5103 _d5103 |
||